000 00454nam a22001577a 4500
003 OSt
008 250827b |||||||| |||| 00| 0 eng d
041 _aeng
082 _a894.8121
_bDEE/VI
100 _aDeepa Bijo Alexander
_97789
245 _aVralthumbukalile mazha /
_bവിരല്‍ത്തുമ്പുകളിലെ മഴ
260 _aThiruvananthapuram :
_bMythri Books,
_c2014.
300 _a66 p.
650 _aPoem
_97790
942 _cBK
999 _c19480
_d19480